Statistics for Vienna International Airport Destinations (Vienna, Austria)

Click here to take the quiz!

General Stats

  • This quiz has been taken 68 times
  • The average score is 141 of 197

Answer Stats

AirlineDestination% Correct
Austrian Airlines/KLMAmsterdam
100%
Aer Lingus/RyanairDublin
100%
Arkia/Austrian Airlines/El Al/Israir/Ryanair/Wizz AirTel Aviv
100%
Austrian Airlines/LOT Polish Airlines/RyanairWarsaw (Chopin)
100%
RyanairWarsaw (Modlin)
100%
Austrian Airlines/Croatia AirlinesZagreb
100%
Aegean Airlines/Austrian Airlines/RyanairAthens
98%
Austrian Airlines/Ryanair/Vueling/Wizz AirBarcelona
98%
Air Serbia/Austrian AirlinesBelgrade
98%
Austrian AirlinesBerlin
98%
Austrian Airlines/Brussels AirlinesBrussels
98%
Austrian Airlines/EgyptairCairo
98%
Austrian Airlines/EurowingsHamburg
98%
Ryanair/TAP Ai PortugalLisbon
98%
Wizz AirLondon (Gatwick)
98%
Austrian Airlines/British AirwaysLondon (Heathrow)
98%
RyanairLondon (Stansted)
98%
LuxairLuxembourg
98%
Austrian Airlines/RyanairMarseille
98%
Austrian Airlines/LufthansaMunich
98%
Air France/Austrian AirlinesParis (Charles de Gaulle)
98%
TransaviaParis (Orly)
98%
Austrian Airlines/Ryanair/Wizz AirRome (Fiumicino)
98%
TunisairTunis
98%
AnadoluJet/Pegasus Airlines/SunExpressAnkara
95%
Austrian Airlines/RyanairBucharest
95%
Austrian AirlinesBudapest
95%
Air IndiaDelhi
95%
Qatar AirwaysDoha
95%
Austrian Airlines/EurowingsDusseldorf
95%
Swiss International Air LinesGeneva
95%
Finnair/RyanairHelsinki
95%
Turkish AirlinesIstanbul
95%
AnadoluJet/Pegasus AirlinesIstanbul (Sabiha Gokcen)
95%
Austrian AirlinesNew York (JFK)
95%
Austrian Airlines/Norwegian Air ShuttleOslo
95%
Austrian Airlines/RyanairPalermo
95%
Austrian Airlines/RyanairPorto
95%
Air CanadaToronto (Pearson)
95%
Ethiopian AirlinesAddis Ababa
93%
AnadoluJet/Austrian Airlines/Corendon Airlines/Pegasus Airlines/SunExpressAntalya
93%
Azerbaijan AirlinesBaku
93%
Air China/Austrian AirlinesBeijing (Capital)
93%
Austrian Airlines/RyanairCopenhagen
93%
Austrian Airlines/LufthansaFrankfurt
93%
Austrian Airlines/RyanairKrakow
93%
Jazeera Airways/Kuwait Airways/Wizz AirKuwait City
93%
Iberia/RyanairMadrid
93%
Austrian Airlines/Jet2.com/RyanairManchester
93%
Austrian Airlines/RyanairMilan (Malpensa)
93%
Austrian Airlines/Ryanair/Wizz AirNaples
93%
Austrian Airlines/Wizz AirNice
93%
Austrian Airlines/Condor/RyanairPalma de Mallorca
93%
airBaltic/RyanairRiga
93%
Austrian Airlines/Bulgaria Air/RyanairSofia
93%
Austrian AirlinesZurich
93%
Etihad Airways/Wizz AirAbu Dhabi
90%
Austrian Airlines/Royal Jordanian/Ryanair/Wizz AirAmman (Queen Alia)
90%
Austrian Airlines/RyanairBari
90%
Austrian Airlines/Jet2.comBirmingham
90%
Austrian Airlines/Eurowings/RyanairCologne/Bonn
90%
Emirates/Wizz AirDubai (International)
90%
RyanairEdinburgh
90%
Aegean Airlines/Austrian Airlines/Condor/Corendon Airlines/RyanairHeraklion
90%
Air Malta/RyanairMalta
90%
Flynas/Saudia/Wizz AirRiyadh
90%
RyanairSeville
90%
Austrian Airlines/RyanairValencia
90%
Air AlgerieAlgiers
88%
Wizz AirBilbao
88%
Austrian AirlinesChicago (O'Hare)
88%
Austrian Airlines/RyanairIbiza
88%
Austrian AirlinesLos Angeles
88%
Air Montenegro/Austrian Airlines/Wizz AirPodgorica
88%
Korean AirSeoul (Incheon)
88%
RyanairTallinn
88%
Austrian Airlines/RyanairThessaloniki
88%
Austrian Airlines/RyanairVenice
88%
Austrian Airlines/RyanairVilnius
88%
Austrian Airlines/Ryanair/Wizz AirDubrovnik
85%
Corendon Airlines/Pegasus Airlines/SunExpressIzmir
85%
Austrian Airlines/Ryanair/Wizz AirMalaga
85%
Austrian Airlines/Wizz AirReykjavik
85%
Austrian Airlines/Condor/RyanairRhodes
85%
Austrian Airlines/RyanairStockholm (Arlanda)
85%
Austrian Airlines/EVA AirBangkok (Suvarnabhumi)
83%
Austrian Airlines/RyanairGothenburg
83%
Flynas/Saudia/Wizz AirJeddah
83%
Austrian AirlinesPrague
83%
Austrian AirlinesShanghai (Pudong)
83%
Austrian Airlines/Croatia Airlines/Wizz AirSplit
83%
Austrian Airlines/EurowingsStuttgart
83%
Austrian AirlinesInnsbruck
80%
Austrian AirlinesMontreal (Trudeau)
80%
Austrian AirlinesSkopje
80%
Austrian Airlines/Ryanair/Wizz AirTenerife (South)
80%
Austrian Airlines/Wizz AirTirana
80%
Austrian AirlinesBasel/Mulhouse
78%
Austrian AirlinesFlorence
78%
Austrian AirlinesGraz
78%
Austrian AirlinesHanover
78%
Austrian Airlines/Wizz AirPristina
78%
Georgian AirwaysTbilisi
78%
Austrian AirlinesTokyo (Narita)
78%
RyanairAlicante
76%
Austrian Airlines/RyanairBologna
76%
Austrian Airlines/RyanairGran Canaria
76%
Austrian AirlinesMarrakesh
76%
SmartwingsSal
76%
Austrian Airlines/RyanairCatania
73%
Austrian Airlines/Ryanair/Wizz AirCorfu
73%
Austrian Airlines/RyanairKos
73%
Austrian AirlinesKyiv
73%
Jet2.comLeeds/Bradford
73%
Austrian AirlinesSarajevo
73%
China Airlines/EVA AirTaipei (Taoyuan)
73%
Austrian Airlines/Iran AirTehran (Imam Khomeini)
73%
Austrian AirlinesWashington (Dulles)
73%
Austrian Airlines/Wizz AirYerevan
73%
RyanairFaro
71%
Austrian AirlinesLeipzig/Halle
71%
Austrian AirlinesMoscow (Domodedovo)
71%
Austrian AirlinesNewark
71%
Austrian AirlinesNuremburg
71%
Austrian Airlines/Ryanair/Wizz AirChania
68%
Wizz AirCluj-Napoca
68%
Austrian Airlines/Condor/Corendon Airlines/Wizz AirHurghada
68%
RyanairLanzarote
68%
Austrian Airlines/Ryanair/Wizz AirLarnaca
68%
Jet2.comNewcastle upon Tyne
68%
Austrian Airlines/RyanairSantorini
68%
Austrian Airlines/European Air Charter/Ryanair/Wizz AirVarna
68%
Austrian Airlines/Ryanair/Wizz AirZakynthos
68%
European Air Charter/Ryanair/Wizz AirBurgas
66%
Austrian AirlinesChisinau
66%
RyanairEindhoven
66%
Austrian Airlines/RyanairMykonos
66%
RyanairBergamo
63%
Austrian Airlines/RyanairCagliari
63%
VoloteaNantes
63%
Austrian Airlines/RyanairBillund
61%
Austrian AirlinesFunchal
61%
Austrian Airlines/RyanairFuerteventura
59%
Ryanair/Wizz AirNis
56%
RyanairPaphos
56%
Wizz AirSharm El Sheikh
56%
Turkish AirlinesGaziantep
54%
Austrian AirlinesMenorca
54%
Austrian Airlines/RyanairZadar
54%
Austrian AirlinesBrindisi
51%
Austrian AirlinesCancun
51%
RyanairCharleroi
49%
Austrian AirlinesIasi
49%
Austrian Airlines/RyanairKalamata
49%
Austrian AirlinesLviv
49%
FlyEgyptMarsa Alam
49%
Austrian AirlinesDalaman
46%
Austrian AirlinesKefalonia
46%
Austrian AirlinesTivat
46%
Austrian AirlinesMale
44%
Austrian AirlinesMonastir
44%
RyanairPula
44%
Austrian Airlines/RyanairLamezia Terme
41%
Austrian AirlinesOlbia
41%
Austrian AirlinesErbil
39%
Wizz AirKutaisi
37%
Austrian AirlinesSamos
37%
RyanairBanja Luka
34%
Air CorsicaCalvi
34%
Wizz AirDammam
34%
Austrian AirlinesMauritius
34%
Austrian Airlines/RyanairPreveza/Lefkada
34%
Austrian Airlines/RyanairSkiathos
34%
Wizz AirEilat
32%
Pegasus Airlines/SunExpress/Turkish AirlinesKayseri
32%
Austrian AirlinesKlagenfurt
32%
Austrian AirlinesOdesa
32%
Wizz AirOhrid
32%
Austrian AirlinesTromso
32%
RyanairAqaba
29%
Austrian AirlinesKarpathos
29%
Austrian AirlinesKosice
29%
Austrian AirlinesPatras
29%
SunExpress/Turkish AirlinesSamsun
29%
Austrian AirlinesSibiu
29%
RyanairBeauvais
27%
Austrian AirlinesKittila
27%
RyanairRimini
27%
Austrian AirlinesKavala
24%
RyanairSantander
24%
People'sSt. Gallen/Altenrhein
24%
Ryanair/Wizz AirTuzla
22%
RyanairPerugia
17%
Austrian AirlinesVolos
17%
SunExpressDiyarbakir
15%
Austrian AirlinesZaporizhzhia
12%
Wizz AirKukes
2%

Score Distribution

Percentile by Number Answered

Percent of People with Each Score

Your Score History

You have not taken this quiz